书目信息 |
| 题名: |
现代谈判学
|
|
| 作者: | 张强 主编 | |
| 分册: | ||
| 出版信息: | 武汉 华中理工大学出版社 1996.10 |
|
| 页数: | 302页 | |
| 开本: | 32开 | |
| 丛书名: | ||
| 单 册: | ||
| 中图分类: | C912.3 | |
| 科图分类: | ||
| 主题词: | 社会结构 , 社会关系 | |
| 电子资源: | ||
| ISBN: | 7-5609-1395-4 | |
| 000 | 00567nam0 2200205 45 | |
| 001 | 0008160967 | |
| 005 | 20000816094253.7 | |
| 010 | @a7-5609-1395-4@d12.00元 | |
| 100 | @a20000816d1996 km y0chiy0120 ea | |
| 101 | 0 | @achi |
| 105 | @a z 000yy | |
| 200 | 1 | @a现代谈判学@AXian Dai Tan Pan Xue@f张强 主编@FZhang Qiang Zhu Bian |
| 210 | @a武汉@c华中理工大学出版社@d1996.10 | |
| 215 | @a302页@d32开 | |
| 606 | 0 | @a社会结构 |
| 606 | 0 | @a社会关系 |
| 690 | @aC912.3@v3 | |
| 701 | 0 | @a张强@4主编 |
| 801 | @aCN@bPftUser@c20000816 | |
| 905 | @b107109-113@dC912.3@eZH.510@f5 | |
| 现代谈判学/张强 主编.-武汉:华中理工大学出版社,1996.10 |
| 302页;32开 |
| ISBN 7-5609-1395-4:12.00元 |
| ● |
| 相关链接 |
|
|
|
正题名:现代谈判学
索取号:C912.3/ZH.510
 
预约/预借
| 序号 | 登录号 | 条形码 | 馆藏地/架位号 | 状态 | 备注 |
| 1 | 107109 | 201071099 | 社科库509/509社科库 59排5列4层/ [索取号:C912.3/ZH.510] | 在馆 | |
| 2 | 107110 | 201071106 | 社科库509/509社科库 59排5列4层/ [索取号:C912.3/ZH.510] | 在馆 | |
| 3 | 107111 | 201071115 | 社科库509/509社科库 59排5列4层/ [索取号:C912.3/ZH.510] | 在馆 | |
| 4 | 107112 | 201071124 | 社科库509/509社科库 59排5列4层/ [索取号:C912.3/ZH.510] | 在馆 | |
| 5 | 107113 | 201071133 | 社科库509/509社科库 59排5列4层/ [索取号:C912.3/ZH.510] | 在馆 |